Normal view
MARC view
- Public administration
Entry Topical Term
001 - CONTROL NUMBER
- control field: 37878
003 - CONTROL NUMBER IDENTIFIER
- control field: NUST
005 - DATE AND TIME OF LATEST TRANSACTION
- control field: 20210314130429.0
008 - FIXED-LENGTH DATA ELEMENTS
- fixed length control field: 210314|| aca||aabn | a|a d
040 ## - CATALOGING SOURCE
- Original cataloging agency: NUST
- Transcribing agency: NUST
150 ## - HEADING--TOPICAL TERM
- Topical term or geographic name entry element: Public administration
- General subdivision: Study and teaching
- Geographic subdivision: Developing countries
670 ## - SOURCE DATA FOUND
- Source citation: Work cat.: (NUST): Paul, Samuel, 37877, Training for public administration and management in developing countries :, c1983.
